Brighton & Hove Albion: The Premier League Years - Statistics

General Stats
  • This quiz has been taken 188 times
    42 since last reset
  • The average score is 14 of 23
Answer Stats
Answer % Correct
Graham Potter
88%
Lewis Dunk
88%
Danny Welbeck
82%
Kaoru Mitoma
79%
Pascal Groß
79%
Fabian Hürzeler
76%
João Pedro
76%
Roberto De Zerbi
76%
Glenn Murray
67%
Neal Maupay
58%
Alexis Mac Allister
55%
Chris Hughton
55%
Jan Paul van Hecke
55%
Moisés Caicedo
55%
Bart Verbruggen
52%
Leandro Trossard
48%
Mathew Ryan
45%
Robert Sánchez
45%
Bruno
42%
Shane Duffy
42%
Marc Cucurella
39%
Ben White
33%
Yves Bissouma
24%
No matching quizzes found
Score Distribution
Percent of People with Each Score
Percentile by Number Answered
Your Score History
You have not taken this quiz since the last reset